Statistics for Countries that share a letter with all countries

Click here to take the quiz!

General Stats

  • This quiz has been taken 90 times
  • The average score is 9 of 24

Answer Stats

# charsCOUNTRY% Correct
14United Kingdom
84%
32Democratic Republic Of The Congo
80%
21Republic Of The Congo
79%
20United Arab Emirates
68%
30Federated States Of Micronesia
64%
32Saint Vincent And The Grenadines
64%
12Turkmenistan
50%
18Dominican Republic
45%
9Indonesia
45%
11Saint Lucia
45%
21São Tomé And Príncipe
43%
22Bosnia And Herzegovina
41%
17Equatorial Guinea
40%
11Switzerland
31%
9Singapore
24%
10Mozambique
23%
10East Timor
21%
8Ethiopia
21%
9Mauritius
20%
9Macedonia
18%
12Sierra Leone
14%
7Estonia
11%
7Georgia
8%
8Slovenia
5%

Score Distribution

Percentile by Number Answered

Percent of People with Each Score

Your Score History

You have not taken this quiz